Animals That Start With E - Statistics

General Stats
  • This quiz has been taken 213 times
  • The average score is 4 of 7
Answer Stats
Hint Animals % Correct
Biggest Mammal On Land Elephant
97%
Ostrich Like Animal Emu
84%
Moose Like Animal Elk
82%
Snake Sort Of Animal Eel
60%
The Biggest Type Of Penguin Emperor Penguin
56%
Spiked-Back Animal Echidna
38%
Known For Having Claws On The Back Of It Earwig
4%
No matching quizzes found
Score Distribution
Percent of People with Each Score
Percentile by Number Answered
Your Score History
You have not taken this quiz